মুসলিম সাহিত্য ও সাহিত্যিক / (Record no. 53548)
[ view plain ]
| 000 -LEADER | |
|---|---|
| fixed length control field | 01009nam a2200253 a 4500 |
| 001 - CONTROL NUMBER | |
| control field | 53548 |
| 003 - CONTROL NUMBER IDENTIFIER | |
| rucl marc code | BD-RjUL |
| 005 - DATE AND TIME OF LATEST TRANSACTION | |
| control field | 20211215151026.0 |
| 008 - FIXED-LENGTH DATA ELEMENTS--GENERAL INFORMATION | |
| fixed length control field | 161017s1967 bg ||||| |||| 001 0 ben d |
| 020 ## - INTERNATIONAL STANDARD BOOK NUMBER | |
| Terms of availability | : PRs. 7.50 |
| 035 ## - SYSTEM CONTROL NUMBER | |
| System control number | (BD-RjUL)53670 |
| 040 ## - CATALOGING SOURCE | |
| Original cataloging agency | BD-RjUL |
| Language of cataloging | ben |
| Transcribing agency | BD-RjUL |
| Modifying agency | BD-RjUL |
| 041 ## - LANGUAGE CODE | |
| Language code of text/sound track or separate title | ben |
| 082 ## - DEWEY DECIMAL CLASSIFICATION NUMBER | |
| Edition number | 23 |
| Classification number | B 891.4409 |
| Author mark and year | SAM 1967 |
| 100 ## - MAIN ENTRY--PERSONAL NAME | |
| Personal name | সাকলায়েন, গোলাম |
| 9 (RLIN) | 116893 |
| 245 10 - TITLE STATEMENT | |
| Title | মুসলিম সাহিত্য ও সাহিত্যিক / |
| Statement of responsibility, etc. | গোলাম সাকলায়েন |
| 250 ## - EDITION STATEMENT | |
| Edition statement | ১ম সং. |
| 260 ## - PUBLICATION, DISTRIBUTION, ETC. (IMPRINT) | |
| Place of publication, distribution, etc. | ঢাকা : |
| Name of publisher, distributor, etc. | নওরোজ কিতাবস্থান, |
| Date of publication, distribution, etc. | ১৯৬৭ |
| 300 ## - PHYSICAL DESCRIPTION | |
| Pagination | ৪১৪, [২] পৃ. ; |
| Size | ২১ সেমি. |
| 500 ## - GENERAL NOTE | |
| General note | নির্ঘণ্ট সংযুক্ত |
| 650 ## - SUBJECT ADDED ENTRY--TOPICAL TERM | |
| Topical term or geographic name as entry element | বাংলা সাহিত্য |
| General subdivision | ইতিহাস ও সমালোচনা |
| 9 (RLIN) | 117020 |
| Topical term or geographic name as entry element | Bengali literature |
| General subdivision | History and criticism. |
| 9 (RLIN) | 117020 |
| 942 ## - ADDED ENTRY ELEMENTS (KOHA) | |
| Source of classification or shelving scheme | Dewey Decimal Classification |
| Koha item type | Books |
| Lost status | Source of classification or shelving scheme | Damaged status | Not for loan | Collection code | Permanent Location | Current Location | Date acquired | Source of acquisition | Cost, normal purchase price | Full call number | Date last seen | Copy number | Koha item type | Shelving location | Total Checkouts |
|---|---|---|---|---|---|---|---|---|---|---|---|---|---|---|---|
| Dewey Decimal Classification | Non-fiction | Central Library, University of Rajshahi | Central Library, University of Rajshahi | 04/03/1968 | N/A | 7.50 | B 891.4409 SAM 1967 | 17/10/2016 | C-2 | Books | |||||
| Dewey Decimal Classification | Non-fiction | Central Library, University of Rajshahi | Central Library, University of Rajshahi | 12/02/1968 | Chayanika | 7.50 | B 891.4409 SAM 1967 | 17/10/2016 | C-3 | Books | |||||
| Dewey Decimal Classification | Non-fiction | Central Library, University of Rajshahi | Central Library, University of Rajshahi | 04/03/1968 | 7.50 | B 891.4409 SAM 1967 | 22/10/2016 | C-4 | Books | ||||||
| Dewey Decimal Classification | Non-fiction | Central Library, University of Rajshahi | Central Library, University of Rajshahi | 11/12/1967 | Pakistani law house | 7.50 | B 891.4409 SAM 1967 | 23/10/2016 | C-5 | Books | |||||
| Dewey Decimal Classification | Not For Loan | Fiction | Central Library, University of Rajshahi | Central Library, University of Rajshahi | 04/03/1968 | N/A | 7.00 | B 891.4409 SAM 1967 | 14/02/2017 | C-1 | Books | Reading Room | |||
| Dewey Decimal Classification | Fiction | Central Library, University of Rajshahi | Central Library, University of Rajshahi | 12/02/1968 | N/A | 7.50 | B 891.4409 SAM 1967 | 30/04/2017 | C-6 | Books | |||||
| Dewey Decimal Classification | Non-fiction | Central Library, University of Rajshahi | Central Library, University of Rajshahi | 11/12/1967 | Paistan book cor. | 7.50 | B 891.4409 SAM 1967 | 28/03/2021 | C-7 | Books | |||||
| Dewey Decimal Classification | Fiction | Central Library, University of Rajshahi | Central Library, University of Rajshahi | 15/11/1967 | Rajshahi, Pakistan Book Corporation | 7.50 | B 891.4409 SAM 1967 | 15/12/2021 | C-8 | Books | General Stacks |